| 000 | 00688nam a2200217#a 4500 | ||
|---|---|---|---|
| 001 | 02231 | ||
| 003 | HDC | ||
| 007 | ta | ||
| 008 | 230623s2011 xx 000 0 eng d | ||
| 040 | _aHDC | ||
| 050 |
_amitrans U168 _b.M35 2011 |
||
| 110 | _aMalaysia institute of Transport. | ||
| 245 | 0 |
_aMITRANS @ UiTM : _badvancing the frontiers of transport, logistics & supply chain research, consultancy and education / _cMalaysia institute of Transport. |
|
| 264 |
_aShah Alam : _bMalaysia institute of Transport, _c2011. |
||
| 300 |
_a43p. : _b ill. , _c 25cm. |
||
| 650 | _aIntegrated logistics support. | ||
| 942 | _2lcc | ||
| 942 | _cBK | ||
| 942 | _kmitrans U168 | ||
| 942 | _m.M35 2011 | ||
| 999 |
_c23790 _d23790 |
||